Central Library OPAC University of Rajshahi

আরজ আলী মাতুব্বরের দর্শনে মানবতাবাদ ও বিজ্ঞানচেতনা = Humanism and Scientific thought in the Philosophy of Araj Ali Matubbar / (Record no. 39421)

MARC details
000 -LEADER
fixed length control field 01080nam a2200241 4500
001 - CONTROL NUMBER
control field 39421
003 - CONTROL NUMBER IDENTIFIER
rucl marc code BD-RjUL
005 - DATE AND TIME OF LATEST TRANSACTION
control field 20211209053004.0
008 - FIXED-LENGTH DATA ELEMENTS--GENERAL INFORMATION
fixed length control field 160410s2014 bg ||||| b||| 001 0 ben d
020 ## - INTERNATIONAL STANDARD BOOK NUMBER
International Standard Book Number 9847000002365
Terms of availability : Tk. 400.00
035 ## - SYSTEM CONTROL NUMBER
System control number (BD-RjUL)39534
040 ## - CATALOGING SOURCE
Original cataloging agency BD-RjUL
Language of cataloging ben
Transcribing agency BD-RjUL
Modifying agency BD-RjUL
041 ## - LANGUAGE CODE
Language code of text/sound track or separate title ben
082 ## - DEWEY DECIMAL CLASSIFICATION NUMBER
Edition number 23
Classification number 891.444
Author mark and year BEA 2014
100 ## - MAIN ENTRY--PERSONAL NAME
Personal name বেগম, ফেরদৌসী
9 (RLIN) 121524
245 10 - TITLE STATEMENT
Title আরজ আলী মাতুব্বরের দর্শনে মানবতাবাদ ও বিজ্ঞানচেতনা = Humanism and Scientific thought in the Philosophy of Araj Ali Matubbar /
Statement of responsibility, etc. ফেরদৌসী বেগম
260 ## - PUBLICATION, DISTRIBUTION, ETC. (IMPRINT)
Place of publication, distribution, etc. ঢাকা :
Name of publisher, distributor, etc. জাতীয় সাহিত্য প্রকাশ,
Date of publication, distribution, etc. ২০১৪.
300 ## - PHYSICAL DESCRIPTION
Pagination ২৪০ পৃ. ;
Size ২২ সেমি.
504 ## - BIBLIOGRAPHY, ETC. NOTE
Bibliography, etc গ্রন্থপঞ্জি ও নির্ঘণ্ট সংযুক্ত
650 ## - SUBJECT ADDED ENTRY--TOPICAL TERM
Topical term or geographic name as entry element বাংলা প্রবন্ধ
9 (RLIN) 121525
Topical term or geographic name as entry element Bengali Essays
9 (RLIN) 121526
942 ## - ADDED ENTRY ELEMENTS (KOHA)
Source of classification or shelving scheme Dewey Decimal Classification
Koha item type Books
Holdings
Lost status Source of classification or shelving scheme Damaged status Not for loan Collection code Permanent Location Current Location Shelving location Date acquired Source of acquisition Cost, normal purchase price Total Checkouts Full call number Date last seen Copy number Koha item type Date checked out
  Dewey Decimal Classification   Not For Loan Non-fiction Central Library, University of Rajshahi Central Library, University of Rajshahi Reading Room 31/01/2016 Jatiya Sahitya Prakash, Dhaka. 400.00   B 891.444 BEA 2014 10/04/2016 C-1 Books  
  Dewey Decimal Classification     Non-fiction Central Library, University of Rajshahi Central Library, University of Rajshahi   31/01/2016 Jatiya Sahitya Prakash, Dhaka. 400.00   B 891.444 BEA 2014 10/04/2016 C-2 Books  
  Dewey Decimal Classification     Non-fiction Central Library, University of Rajshahi Central Library, University of Rajshahi   31/01/2016 Jatiya Sahitya Prakash, Dhaka. 400.00 1 B 891.444 BEA 2014 12/12/2019 C-3 Books 05/12/2019
  Dewey Decimal Classification     Non-fiction Central Library, University of Rajshahi Central Library, University of Rajshahi   28/04/2014 Jatiya Sahitya Prakash, Dhaka 400.00 3 B 891.444 BEA 2014 21/10/2019 C-4 Books 17/10/2019
  Dewey Decimal Classification     Non-fiction Central Library, University of Rajshahi Central Library, University of Rajshahi   28/04/2014 Jatiya Sahitya Prakash, Dhaka 400.00 2 B 891.444 BEA 2014 21/11/2021 C-5 Books 11/11/2021
  Dewey Decimal Classification     Non-fiction Central Library, University of Rajshahi Central Library, University of Rajshahi   28/04/2014 Jatiya Sahitya Prakash, Dhaka 400.00   B 891.444 BEA 2014 22/11/2016 C-6 Books